000 00247nam a2200097Ia 4500
001 903148
005 20250826184907.0
008 250824s9999 xx 000 0 und d
245 0 _aGULYABANİ
_cHÜSEYİN RAHMİ GÜRPINAR
260 _bANONİM YAYINLARI
999 _c903148
_d903148